Геохимия подземных вод Западной Сибири; Вестник Западно-Сибирского геологического управления; № 5

Dettagli Bibliografici
Parent link:Вестник Западно-Сибирского геологического управления: [сборник статей]/ Западно-Сибирское геологическое управление.— , 1938-1947
№ 5.— 1947.— С. 38-51.
Autore principale: Кучин М. И. Михаил Иванович
Lingua:russo
Pubblicazione: 1947
Soggetti:
Natura: MixedMaterials Capitolo di libro
KOHA link:https://koha.lib.tpu.ru/cgi-bin/koha/opac-detail.pl?biblionumber=261015

MARC

LEADER 00000naa2a2200000 4500
001 261015
005 20231031221413.0
035 |a (RuTPU)RU\TPU\book\283987 
035 |a RU\TPU\tpu\15927 
090 |a 261015 
100 |a 20140520d1947 k y0rusy50 ca 
101 0 |a rus 
102 |a RU 
200 1 |a Геохимия подземных вод Западной Сибири   |f М. И. Кучин 
320 |a Библиогр.: 11 назв. 
461 1 |0 (RuTPU)RU\TPU\book\252909  |t Вестник Западно-Сибирского геологического управления  |o [сборник статей]  |f Западно-Сибирское геологическое управление  |d 1938-1947 
463 0 |0 (RuTPU)RU\TPU\book\282537  |t № 5  |f отв. ред. Н. С. Мамлин  |v С. 38-51.  |d 1947  |p 62 с. 
610 1 |a геолого-географические науки 
610 1 |a труды учёных ТПУ 
700 1 |a Кучин  |b М. И.  |c российский гидрогеолог  |c профессор, доктор геолого-минералогических наук  |f 1887-1963  |g Михаил Иванович  |2 stltpush  |3 (RuTPU)RU\TPU\pers\13883 
801 1 |a RU  |b 63413507  |c 20090304  |g PSBO 
801 2 |a RU  |b 63413507  |c 20150512  |g PSBO 
942 |c BK